Biblioteca

Created for community (Registro nro. 64529)

Detalles MARC
000 -LÍDER
Campo fijo de descripción fija 01746cam a2200385 i 4500
001 - NÚMERO DE CONTROL
Campo de control 18259294
003 - IDENTIFICADOR DEL NÚMERO DE CONTROL
Campo de control CO-MdFUSB
005 - FECHA Y HORA DE LA ULTIMA TRANSACCIÓN
control field 20190202100248.0
008 - ELEMENTOS DE LONGITUD FIJA -- INFORMACIÓN GENERAL
Campo fijo de descripción fija -- Información general 140808s20142015miu g b 001 0 eng
010 ## - NÚMERO DE CONTROL DE LA BIBLIOTECA DEL CONGRESO
Número de control LC 2014027512
020 ## - NÚMERO INTERNACIONAL NORMALIZADO PARA LIBROS
Número Internacional Normalizado del libro 9780801049293 (pbk. : alk. paper)
040 ## - FUENTE DE CATALOGACIÓN
Agencia de catalogación original DLC
Idioma de catalogación spa
Agencia que realiza la transcripción CO-MdFUSB
Convenciones de la descripción rda
Agencia que realiza la modificación CO-MdFUSB
041 ## - CÓDIGO DE IDIOMA
Código de idioma para texto/pista de sonido o título separado eng
042 ## - AUTHENTICATION CODE
Authentication code pcc
082 00 - NÚMERO DE CLASIFICACIÓN DECIMAL DEWEY
Número de la edición del Dewey 24
Número de clasificación G 230
Clave de autor-Numero de item G828c
100 1# - ASIENTO PRINCIPAL--NOMBRE PERSONAL
Nombre personal Grenz, Stanley J.
Fechas asociadas con el nombre 1950-2005.
Término relacionador autor
245 10 - TÍTULO
Título del Material Created for community
Parte restante del título - Subtitulo : connecting Christian belief with Christian living
Mención de responsabilidad, etc. / Stanley J. Grenz & Jay T. Smith.
250 ## - MENCIÓN DE EDICIÓN
Mención de edición Third edition.
264 #1 - PRODUCCIÓN, PUBLICACIÓN, DISTRIBUCIÓN, MANUFACTURA, Y COPYRIGHT
Lugar de producción, publicación, distribución, manufactura Grand Rapids, Michigan :
Nombre del productor, publicador, distribuidor Baker Academic,
Fecha de producción, publicación, distribución, manufactura, o copyright ℗2015
264 #4 - PRODUCCIÓN, PUBLICACIÓN, DISTRIBUCIÓN, MANUFACTURA, Y COPYRIGHT
Fecha de producción, publicación, distribución, manufactura, o copyright ©1996, 1998, 2014
300 ## - DESCRIPCIÓN FÍSICA
Extensión xxix, 287 páginas ;
Dimensiones 23 cm
336 ## - TIPO DE CONTENIDO
Fuente rdacontent
Término de tipo de contenido texto
Código de tipo de contenido txt
337 ## - TIPO DE MEDIO
Fuente rdamedia
Nombre del tipo de medio sin mediación
Código del tipo de medio n
338 ## - TIPO DE SOPORTE
Fuente rdacarrier
Nombre del tipo de soporte volumen
Código Tipo de soporte nc
501 ## - NOTA DE “CON”
Nota de Contenido Incluye índices (páginas 273- 287)
505 0# - NOTA DE CONTENIDO
Nota de contenido con formato preestablecido Conocer al Dios de la Biblia en el mundo contemporáneo -- El Dios que conocemos -- Nuestra identidad como criaturas de Dios -- Nuestro fracaso humano -- Jesucristo: "Dios con nosotros" -- La misión de Jesús en el programa divino -- El Espíritu Santo: el autor de la vida -- El Espíritu Santo y nuestra salvación -- La comunidad pionera -- Participar en la comunidad pionera -- El clímax de nuestra historia -- La comunidad de Dios: nuestro hogar eterno.
650 #7 - ASIENTO SECUNDARIO DE MATERIA - TERMINO TEMÁTICO
Término temático o nombre geográfico como elemento de entrada Teología doctrinal
Fuente del encabezamiento o término
9 (RLIN) 179
650 #0 - ASIENTO SECUNDARIO DE MATERIA - TERMINO TEMÁTICO
Término temático o nombre geográfico como elemento de entrada Vida cristiana
9 (RLIN) 19
700 1# - ASIENTO SECUNDARIO - NOMBRE PERSONAL
Nombre personal Smith, Jay T.
Responsabilidad autor
906 ## - LOCAL DATA ELEMENT F, LDF (RLIN)
a 7
b cbc
c orignew
d 1
e ecip
f 20
g y-gencatlg
942 ## - TIPO DE MATERIAL (KOHA)
Tipo de Item KOHA Libros General
Existencias
Estado de Material Estado de Perdido Forma de Clasificación Estado de Dañado No para Préstamo Colección Biblioteca de Origen Biblioteca Permanente Fecha de Adquisición Total de Préstamos Total de Renovaciones Signatura Topográfica Código de Barras Última vez visto Última vez Préstado Ejemplar/Existencia Fecha de Remplazo Tipo de Material
    Dewey Decimal Classification     Colección General Biblioteca FUSBC Biblioteca FUSBC 11/09/2018 1 3 G 230 G828c 7512 12/04/2022 18/01/2022 Ej. 1 11/09/2018 Libros General

Biblioteca FUSBC | Teléfono: (57+4) 349 88 10 Ext. 141| WhatsApp (+57) 3005338115 
E-mail: biblioteca@unisbc.edu.co | Calle 76 87-14 Robledo Palenque, Medellín, Colombia

Con tecnología Koha